The little data book on private sector development (Record no. 80743)

MARC details
000 -LEADER
fixed length control field 00887nam a2200193 a 4500
008 - FIXED-LENGTH DATA ELEMENTS--GENERAL INFORMATION
fixed length control field 160511s2010 ||||||||||||||||| || u
020 ## - INTERNATIONAL STANDARD BOOK NUMBER
International Standard Book Number 9780821382479
050 ## - LIBRARY OF CONGRESS CALL NUMBER
Classification number IBRD(058)LDB/PSD/2010A
110 ## - MAIN ENTRY--CORPORATE NAME
Corporate name or jurisdiction name as entry element World Bank
245 14 - TITLE STATEMENT
Title The little data book on private sector development
Statement of responsibility, etc. The World Bank
260 ## - PUBLICATION, DISTRIBUTION, ETC.
Place of publication, distribution, etc. Washington D.C:
Name of publisher, distributor, etc. World Bank
Date of publication, distribution, etc. 2010
300 ## - PHYSICAL DESCRIPTION
Extent vi, 231p.
350 ## -
-- 15.00
650 ## - SUBJECT ADDED ENTRY--TOPICAL TERM
Topical term or geographic name entry element ECONOMIC DEVELOPEMENT--STATISTICS--PERIODICALS
650 #0 - SUBJECT ADDED ENTRY--TOPICAL TERM
Topical term or geographic name entry element ECONOMIC DEVELOPMENT
650 ## - SUBJECT ADDED ENTRY--TOPICAL TERM
Topical term or geographic name entry element ECONOMIC HISTORY--21ST CENTURY--STATISTICS--PERIODICALS
995 ## -
-- SPECIAL COLLECTIONS
-- 746443
-- CBU-MAIN LIBRARY (Kitwe)
-- 15.00
-- IBRD(058)LDB/PSD/2010A
-- 1
-- AVAILABLE
-- May 13, 2016
-- 746443
-- International Publications
995 ## -
-- SPECIAL COLLECTIONS
-- 746444
-- CBU-MAIN LIBRARY (Kitwe)
-- 15.00
-- IBRD(058)LDB/PSD/2010B
-- 2
-- AVAILABLE
-- May 13, 2016
-- 746444
-- International Publications
999 ## -
-- 80743
-- 80743

No items available.